القواعد الاساسية فى معالجة الكوليرا الاسيوية

Saved in:

Main Author: أحمد فهمى محرم.

Other Authors: محمود لبيب محرم/ على يس محرم.

Format: Book

Language: Undetermined

Published: Cairo almuqtataf 1893

Tags: Add Tag

No Tags, Be the first to tag this record!

Call Number: Q40 MUHA

LEADER 00461nam a2200133Ia 4500
008 240404s9999||||xx |||||||||||||| ||und||
050 4 |a Q40 MUHA 
100 1 |a أحمد فهمى محرم. 
245 1 0 |a القواعد الاساسية فى معالجة الكوليرا الاسيوية  |c أحمد فهمى محرم 
264 1 |a Cairo  |b almuqtataf   |c 1893 
300 |a 49  |c 24 
700 1 |a محمود لبيب محرم/ على يس محرم. 
942 |2 lcc  |c BK 
999 |c 57964  |d 57964